[Event "Budapest FS06 FM"]
[Site "Budapest"]
[Date "2016.06.10"]
[Round "7"]
[White "Kaibinger, Karoly"]
[Black "Zoldy, Robert"]
[Result "1/2-1/2"]
[WhiteElo "1826"]
[BlackElo "1948"]
[PlyCount "83"]
[EventDate "2016.06.04"]
[EventType "tourn"]
[EventRounds "10"]
[EventCountry "HUN"]
[SourceTitle "CBM 172 Extra"]
[Source "ChessBase"]
[SourceDate "2016.06.21"]
[SourceVersion "1"]
[SourceVersionDate "2016.06.21"]
[SourceQuality "1"]

1. e4 c5 2. Nc3 Nc6 3. g3 g6 4. Bg2 Bg7 5. d3 e6 6. f4 Nge7 7. Nf3 d5 8. 0-0 0-0 9. Ne2 b6 10. c3 Ba6 11. Qc2 Qc7 12. Be3 Rad8 13. Rad1 Rd7 14. Bf2 Rfd8 15. e5 Bf8 16. g4 d4 17. c4 Rb8 18. Ng3 Kh8 19. Ne4 Ng8 20. Bh4 Be7 21. Qf2 Kg7 22. Bxe7 Ncxe7 23. Qh4 h6 24. Nf6 Rdd8 25. Nd2 b5 26. b3 bxc4 27. dxc4 Bb7 28. Nde4 a5 29. Rd3 a4 30. Nd6 Bxg2 31. Kxg2 Rxd6 32. Nxg8 Rxg8 33. Qf6+ Kf8 34. exd6 Qxd6 35. Rh3 h5 36. gxh5 gxh5+ 37. Rg3 Rxg3+ 38. hxg3 Nf5 39. Rb1 Ne3+ 40. Kh3 Qc6 41. Rg1 Qf3 42. Qd8+ 1/2-1/2